ბათუმის შოთა რუსთაველის სახელმწიფო უნივერსიტეტის ბიბლიოთეკა

The Economist, August 16th-22nd 2014 (ბიბ.ჩანაწერი № 44826)

000 -LEADER
fixed length control field 00369nam a2200169Ia 4500
001 - CONTROL NUMBER
control field 11639
003 - CONTROL NUMBER IDENTIFIER
control field GE_BSU
008 - FIXED-LENGTH DATA ELEMENTS--GENERAL INFORMATION
fixed length control field 181216s||||||||xx |||||||||||||| ||und||
040 ## - CATALOGING SOURCE
Transcribing agency GE_BSU
245 #4 - TITLE STATEMENT
Title The Economist, August 16th-22nd 2014
245 ## - TITLE STATEMENT
Remainder of title Number 8900
260 ## - PUBLICATION, DISTRIBUTION, ETC.
Place of publication, distribution, etc. Paris
260 ## - PUBLICATION, DISTRIBUTION, ETC.
Date of publication, distribution, etc. 2014
300 ## - PHYSICAL DESCRIPTION
Extent 70pg;27sm.
653 ## - INDEX TERM--UNCONTROLLED
Uncontrolled term The Economist
942 ## - ADDED ENTRY ELEMENTS (KOHA)
Koha item type პერიოდიკა
ეგზემპლარები
Withdrawn status Lost status Damaged status Not for loan Date acquired Barcode Date last seen Price effective from Koha item type
        2018-12-17 p76440 2018-12-17 2018-12-17 პერიოდიკა